| 000 | 00799nam a22002537a 4500 | ||
|---|---|---|---|
| 003 | BCEG | ||
| 005 | 20260407145455.0 | ||
| 008 | 260407s2019 mx|||||| |||| 00| 0 spa d | ||
| 020 | _a9786075393674 | ||
| 040 |
_aBCEG _bspa _cBCEG |
||
| 082 | 0 | 4 |
_a255.3 _bC564i |
| 100 | 1 | _aChávez Gómez, José Manuel A. | |
| 245 | 1 | 0 | _aIntención franciscana de evangelizar entre los mayas rebeldes. |
| 260 |
_aMéxico : _bSecretaría de Cultura : _bInstituto Nacional de Antropología e Historia, _c2019. |
||
| 300 |
_a327 p. _b: il. |
||
| 490 | _aHistoria. Logos. | ||
| 504 | _aIncluye bibliografía. | ||
| 541 | _aCompra. | ||
| 650 | 1 | 4 |
_aFranciscanos _xMisiones _zMéxico. |
| 650 | 1 | 4 |
_aEvangelización _zMéxico _xHistoria. |
| 650 | 1 | 4 |
_aIndios de México _xReligión. |
| 650 | 1 | 4 | _aMayas. |
| 942 | _cBK | ||
| 999 |
_c437160 _d437160 |
||